000 00401nam a2200133Ia 4500
005 20260328104253.0
008 260328s9999||||xx |||||||||||||| ||und||
100 _aLigorria, Vanessa
245 0 _aCatálogo Nacional de alojamiento :
_b Albergues de transición /
_cVanessa Ligorria
260 _bUniversidad Rafael Landívar
300 _a155 p.
650 _aVIVIENDA DE INTERÉS SOCIAL
942 _cBK
999 _c10304
_d10304